[Event "1st Binhai Cup 2018"]
[Site "Tianjin CHN"]
[Date "2019.01.01"]
[Round "8.14"]
[White "Chu, Ruotong"]
[Black "Batchuluun, Tsegmed"]
[Result "0-1"]
[WhiteTitle "WIM"]
[BlackTitle "GM"]
[WhiteElo "2261"]
[BlackElo "2567"]
[WhiteFideId "8605653"]
[BlackFideId "4900847"]
[EventDate "2018.12.25"]

1. d4 Nf6 2. c4 e6 3. g3 d5 4. Bg2 dxc4 5. Nf3 Bb4+ 6. Nbd2 c6 7. O-O b5 8. b3
cxb3 9. Nxb3 Nbd7 10. a3 Bc3 11. Ra2 Bb7 12. Rc2 b4 13. Nfd2 a5 14. Nc4 O-O 15.
Nd6 Ba6 16. Bxc6 Rb8 17. Bg2 Qb6 18. Bf4 a4 19. Nc5 Nxc5 20. dxc5 Qxc5 21. Ne4
Nxe4 22. Bxb8 b3 23. Rc1 b2 24. Rc2 Rxb8 25. Bxe4 b1=Q 26. Qxb1 Rxb1 27. Rxb1 f5
28. Bf3 Qxa3 29. Rb6 Bc4 30. Bh5 g6 31. Bf3 Bb3 0-1

[Event "1st Binhai Cup 2018"]
[Site "Tianjin CHN"]
[Date "2019.01.01"]
[Round "8.15"]
[White "Ning, Kaiyu"]
[Black "Popov, Mikhail"]
[Result "0-1"]
[BlackTitle "FM"]
[WhiteElo "2247"]
[BlackElo "2388"]
[WhiteFideId "8614750"]
[BlackFideId "4146182"]
[EventDate "2018.12.25"]

1. Nf3 g6 2. d4 Bg7 3. g3 d6 4. Bg2 Nd7 5. c4 e5 6. O-O Ne7 7. Nc3 O-O 8. dxe5
dxe5 9. Qc2 Nf5 10. Rd1 Nd4 11. Nxd4 exd4 12. Nb5 c5 13. Nd6 Qb6 14. Nxc8 Raxc8
15. Rb1 Ne5 16. Bf4 Nc6 17. a3 Rfe8 18. Rd3 Qd8 19. h4 Qe7 20. Re1 Qd7 21. Kh2
Rcd8 22. Bg5 Rb8 23. Bf4 Be5 24. Bd2 Bc7 25. f4 Qf5 26. b4 cxb4 27. axb4 a5 28.
b5 Nb4 29. Bxb4 axb4 30. Qd2 Bb6 31. Qxb4 Rxe2 32. Rxe2 Qxd3 33. Re7 Rc8 34. Re5
Qc2 35. Qe1 Bc5 36. Kh3 Qxc4 37. Bd5 Qxb5 38. f5 Qd7 39. g4 Bd6 40. fxg6 hxg6
41. Rg5 Kg7 42. Qe4 Qa4 43. Rxg6+ fxg6 44. h5 Qa3+ 0-1

[Event "1st Binhai Cup 2018"]
[Site "Tianjin CHN"]
[Date "2019.01.01"]
[Round "8.16"]
[White "Yan, Tianqi"]
[Black "Chen, Fan"]
[Result "0-1"]
[BlackTitle "FM"]
[WhiteElo "2098"]
[BlackElo "2370"]
[WhiteFideId "8615250"]
[BlackFideId "8600767"]
[EventDate "2018.12.25"]

1. e4 c5 2. Nf3 d6 3. d4 cxd4 4. Nxd4 Nf6 5. Nc3 a6 6. Be2 e5 7. Nb3 Be7 8. O-O
O-O 9. Kh1 b6 10. Be3 Bb7 11. f3 Qc7 12. Qe1 b5 13. a3 Nbd7 14. Qf2 Bc6 15. Rfd1
Rfb8 16. Bf1 a5 17. Nc1 Nc5 18. Nd3 Na4 19. Nxa4 bxa4 20. c4 Bd7 21. Nc1 Be6 22.
Na2 Qb7 23. Nc3 Qxb2 24. Nxa4 Qxf2 25. Bxf2 Nd7 26. Rab1 Rxb1 27. Rxb1 Rc8 28.
Rb7 Bg5 29. Nb6 Nxb6 30. Bxb6 Bc1 31. a4 Bd2 32. Ra7 h5 33. Bxa5 Be3 34. Rb7 Ra8
35. Rb5 Bd7 36. Rb3 Bc5 37. Bd2 Rxa4 38. Be3 Ra1 39. Bxc5 dxc5 40. Kg1 Be6 41.
Rc3 Ra2 42. h4 Kf8 43. Rc1 Ke7 44. Rc3 Kd6 45. Rc1 Kc6 46. Rc3 Rb2 47. Ra3 Rc2
48. Ra4 Rd2 49. Kh2 Rd4 50. Kg3 g6 51. Be2 Kd6 52. Bf1 Ke7 53. Be2 Kf6 54. Kf2
Ke7 55. Ke3 Kd6 56. g3 Kc6 57. Ra6+ Kb7 58. Ra5 Kb6 59. Ra4 f5 60. Ra8 fxe4 61.
fxe4 Bxc4 62. Bxc4 Rxc4 63. Re8 Rc3+ 64. Kf2 c4 65. Rxe5 Rd3 66. Rg5 c3 67. Ke2
c2 68. Rxg6+ Kb5 69. Kxd3 c1=Q 70. Rg5+ Kc6 71. Kd4 Kd6 72. Rg6+ Ke7 73. Rg5
Qd2+ 74. Kc4 Ke6 75. e5 Qe3 76. Kb5 Kd5 77. e6+ Kxe6 78. Kc4 Qd2 79. Rg6+ Ke5
80. Rg5+ Ke4 81. Kc5 Qd7 82. Kb6 Qc8 83. Kb5 Qc7 84. Kb4 Kd4 85. Ka3 Kc3 86. Ka4
Qb6 0-1

[Event "1st Binhai Cup 2018"]
[Site "Tianjin CHN"]
[Date "2019.01.01"]
[Round "8.17"]
[White "Padmini, Rout"]
[Black "Li, Yunshan"]
[Result "1-0"]
[WhiteTitle "IM"]
[BlackTitle "WFM"]
[WhiteElo "2345"]
[BlackElo "2196"]
[WhiteFideId "5029295"]
[BlackFideId "8607664"]
[EventDate "2018.12.25"]

1. Nf3 d5 2. g3 Nf6 3. Bg2 c6 4. O-O Bf5 5. d3 h6 6. c4 e6 7. Qb3 Qb6 8. Qc2
Nbd7 9. cxd5 exd5 10. Nc3 Be7 11. e4 dxe4 12. dxe4 Bh7 13. Qe2 Nc5 14. Be3 Qa5
15. Bxc5 Qxc5 16. e5 Nd5 17. Ne4 Bxe4 18. Qxe4 O-O 19. a3 Rfe8 20. Rfe1 Bf8 21.
h4 Rad8 22. Qg4 Nc7 23. Bf1 Ne6 24. Rac1 Qb6 25. b4 a5 26. Rc4 axb4 27. axb4 c5
28. bxc5 Bxc5 29. Rc2 Nd4 30. Nxd4 Bxd4 31. Qf4 Qa5 32. Re4 Bxe5 33. Qe3 Qa1 34.
Rc1 Qb2 35. Re1 Rd5 36. Kg2 Kh8 37. Re2 Qa1 38. f4 Rd1 39. Qf3 Rc8 40. Rxe5 Rc3
41. Re8+ Kh7 42. Qe4+ g6 43. Qe5 1-0

[Event "1st Binhai Cup 2018"]
[Site "Tianjin CHN"]
[Date "2019.01.01"]
[Round "8.18"]
[White "Zuo, Yifan"]
[Black "Zhang, Lanlin"]
[Result "0-1"]
[WhiteTitle "CM"]
[WhiteElo "2300"]
[BlackElo "2178"]
[WhiteFideId "8614610"]
[BlackFideId "8608032"]
[EventDate "2018.12.25"]

1. d4 d5 2. c4 c6 3. Nf3 Nf6 4. Nc3 dxc4 5. a4 Bf5 6. e3 e6 7. Bxc4 Nbd7 8. O-O
Bd6 9. Re1 Bg6 10. e4 e5 11. d5 Qe7 12. a5 O-O 13. Bg5 h6 14. Bh4 Rad8 15. h3
Bb4 16. Qb3 Qc5 17. Bxf6 Nxf6 18. dxc6 bxc6 19. Nxe5 Qxe5 20. Qxb4 Rd2 21. Rad1
Rfd8 22. Rxd2 Rxd2 23. Bf1 c5 24. Qb7 Qd4 25. Re3 Qb4 26. Qa8+ Kh7 27. e5 Nh5
28. Nd5 Be4 29. Nxb4 Bxa8 30. Nd3 c4 31. Ne1 Bd5 32. Re2 Rd1 33. g3 Ra1 34. Rd2
Be4 35. Re2 Bd5 36. Ng2 Rxa5 37. Rd2 Bxg2 38. Kxg2 Rxe5 39. Bxc4 Re7 40. Kf3 Nf6
41. Rd6 Nd7 42. Kg2 g6 43. h4 Kg7 44. Bb5 Nb6 45. Kf3 Re5 46. Bd3 Re7 47. b4 Nc8
48. Rd8 Nb6 49. b5 Nd7 50. Bf1 Ne5+ 51. Kg2 Nd7 52. g4 g5 53. h5 Nf6 54. Kf3 Re4
55. Bh3 Rf4+ 56. Ke3 Nxg4+ 57. Bxg4 Rxg4 0-1

[Event "1st Binhai Cup 2018"]
[Site "Tianjin CHN"]
[Date "2019.01.01"]
[Round "8.19"]
[White "Xiao, Yiyi"]
[Black "Chen, KaiLin"]
[Result "1-0"]
[WhiteTitle "WFM"]
[WhiteElo "2295"]
[BlackElo "2016"]
[WhiteFideId "8606161"]
[BlackFideId "8620954"]
[EventDate "2018.12.25"]

1. d4 Nf6 2. c4 e6 3. Nf3 d5 4. Nc3 Nbd7 5. Bf4 c6 6. e3 Be7 7. Qc2 O-O 8. Bd3
dxc4 9. Bxc4 Nd5 10. Bg3 Nxc3 11. bxc3 b6 12. O-O Bb7 13. Rfd1 Nf6 14. Bd3 h6
15. a4 Qc8 16. a5 c5 17. Ne5 bxa5 18. Nc4 cxd4 19. cxd4 Bd5 20. Rxa5 Qc6 21. Qe2
Bxc4 22. Bxc4 Ne4 23. d5 Nxg3 24. hxg3 Qc7 25. Qa2 exd5 26. Bxd5 Rab8 27. Rxa7
Qe5 28. Rc1 Kh8 29. Qc4 f5 30. Bf3 Bf6 31. g4 fxg4 32. Qxg4 Qg5 33. Qxg5 Bxg5
34. Rac7 Rfe8 35. Bh5 Re7 36. Bg6 Rxc7 37. Rxc7 Kg8 38. f4 Bd8 39. Rd7 Bb6 40.
Kf2 Rf8 41. Rb7 Bc5 42. Kf3 Rf6 43. Bc2 Kf8 44. Rb5 Rc6 45. Rb8+ Ke7 46. Be4 Rc7
47. Bd5 Ba7 48. Rb3 Kf6 49. e4 g5 50. e5+ Kf5 51. g4+ Kg6 52. f5+ Kg7 53. Ke4 h5
54. gxh5 Kh6 55. f6 Bc5 56. Kf5 Bd4 57. Rb8 1-0

[Event "1st Binhai Cup 2018"]
[Site "Tianjin CHN"]
[Date "2019.01.01"]
[Round "8.20"]
[White "Wang, Shixu B"]
[Black "Zhang, Xiao"]
[Result "1-0"]
[WhiteElo "2342"]
[BlackElo "2017"]
[WhiteFideId "8610665"]
[BlackFideId "8610894"]
[EventDate "2018.12.25"]

1. d4 d5 2. c4 dxc4 3. e3 Nf6 4. Bxc4 e6 5. Nf3 c5 6. O-O Nc6 7. Qe2 a6 8. Rd1
b5 9. dxc5 Qc7 10. Bd3 Nb4 11. a4 Nxd3 12. Qxd3 b4 13. c6 Be7 14. Qc2 e5 15.
Nbd2 Bg4 16. b3 Nd5 17. Bb2 f6 18. Rac1 Bh5 19. Nf1 Bf7 20. e4 Nf4 21. Rd7 Qc8
22. Ne3 Be6 23. Rb7 Rb8 24. Rxb8 Qxb8 25. g3 Ng6 26. c7 Qc8 27. Nd5 Bxd5 28.
exd5 Bd6 29. Nd2 f5 30. Qc6+ Ke7 31. Nc4 Qxc7 32. Nxd6 Qxd6 33. Qb7+ Kf6 34. Rc6
Rd8 35. Rxd6+ Rxd6 36. f4 Rd8 37. fxe5+ Nxe5 38. Bxe5+ Kxe5 39. Qe7+ 1-0

[Event "1st Binhai Cup 2018"]
[Site "Tianjin CHN"]
[Date "2019.01.01"]
[Round "8.21"]
[White "Zhong, Kangmin"]
[Black "Gu, Tianlu"]
[Result "0-1"]
[BlackTitle "WIM"]
[WhiteElo "1825"]
[BlackElo "2231"]
[WhiteFideId "8618887"]
[BlackFideId "8603995"]
[EventDate "2018.12.25"]

1. d4 d5 2. Nf3 g6 3. Bf4 Bg7 4. e3 Nf6 5. h3 O-O 6. Be2 c5 7. O-O b6 8. a4 a6
9. c3 Nfd7 10. h4 h5 11. Qc2 Nc6 12. Rd1 Nf6 13. Ne5 Qe8 14. Qb3 Be6 15. Bf3 Qc8
16. Na3 Rd8 17. Qc2 Ra7 18. Nac4 Nxe5 19. Nxe5 Nd7 20. Nxg6 fxg6 21. Qxg6 Nf8
22. Qxh5 Bf7 23. Qg5 Ne6 24. Qg3 Nxf4 25. exf4 Kh8 26. h5 Rg8 27. Qg5 cxd4 28.
cxd4 Qe6 29. Re1 Qf6 30. Rac1 Qd6 31. Qf5 Qf6 32. Qg5 Rd8 33. Bg4 Qd6 34. Qf5
Bg8 35. Re3 Bh7 36. Qf7 Qf6 37. Qxf6 Bxf6 38. Re6 Bxd4 39. Rd1 Bxb2 40. Rxb6 Bf6 0-1

[Event "1st Binhai Cup 2018"]
[Site "Tianjin CHN"]
[Date "2019.01.01"]
[Round "8.22"]
[White "Li, Haoyu B."]
[Black "Wang, Zijian"]
[Result "1/2-1/2"]
[WhiteElo "2100"]
[BlackElo "1839"]
[WhiteFideId "8610169"]
[BlackFideId "8619034"]
[EventDate "2018.12.25"]

1. e4 Nc6 2. Nf3 e5 3. Bb5 a6 4. Ba4 Nf6 5. O-O Be7 6. Re1 b5 7. Bb3 d6 8. c3
O-O 9. h3 Na5 10. Bc2 c5 11. d4 Nd7 12. a4 b4 13. cxb4 cxb4 14. Nbd2 exd4 15.
Nxd4 Bf6 16. N2b3 Nc4 17. Qd3 Nde5 18. Qe2 Na5 19. Nxa5 Qxa5 20. Be3 Bd7 21.
Rad1 Rac8 22. Bb3 Rfd8 23. Nf5 Bxf5 24. exf5 d5 25. Bd4 Re8 26. Kh1 Re7 27. Qf1
Rce8 28. Rc1 Qd8 29. Red1 Nd7 30. Bxf6 Nxf6 31. Qxa6 Qb8 32. Qd3 Qf4 33. Bxd5
Nxd5 34. Qxd5 Re2 35. Qd4 Qxd4 36. Rxd4 Rxb2 37. Rf4 h6 38. g4 Ra8 39. Ra1 b3
40. Kg2 Ra2 41. Rb1 Rb8 42. Re4 Rc2 43. a5 Ra2 44. Re3 Rxa5 45. Rbxb3 Rxb3 46.
Rxb3 Kf8 47. Rb7 Ra2 48. Kg3 Rc2 49. f3 Ra2 50. Rb4 Ke7 51. Rb7+ Kf6 52. h4 Ra3
53. Rb6+ Ke5 54. Rc6 h5 55. Rc5+ Kd6 56. Rc4 hxg4 57. Rxg4 Ra1 58. Kg2 Ra2+ 59.
Kh3 Ke5 60. Rxg7 Kf6 61. Rh7 Ra4 62. Kg3 Ra5 63. Kg4 Ra4+ 64. f4 Ra1 65. Rh6+
Kg7 66. Rb6 Rg1+ 67. Kh5 Kh7 68. f6 Rf1 69. Rb4 Rf2 70. Kg5 Rg2+ 71. Kf5 Rh2 72.
Rb7 Rxh4 73. Rxf7+ Kg8 74. Ra7 Rh1 75. Re7 Ra1 76. Rg7+ Kf8 77. Rh7 Rb1 78. Kg5
Rg1+ 79. Kf5 Ra1 80. f7 Ra5+ 81. Kg6 Ra6+ 82. Kg5 Ra5+ 83. f5 Ra1 84. Kg6 Ra6+
85. Kg5 Ra1 86. Kf4 Rf1+ 87. Ke5 Re1+ 88. Kf6 Re6+ 89. Kg5 Ra6 90. Kg4 Ra4+ 91.
Kh5 Ra1 1/2-1/2

[Event "1st Binhai Cup 2018"]
[Site "Tianjin CHN"]
[Date "2019.01.01"]
[Round "8.23"]
[White "Wu, David Tai-Wei"]
[Black "Jiang, Qinyu"]
[Result "0-1"]
[WhiteElo "1630"]
[BlackElo "2037"]
[WhiteFideId "16301765"]
[BlackFideId "8612927"]
[EventDate "2018.12.25"]

1. d4 Nf6 2. c4 e6 3. Nf3 b6 4. g3 Ba6 5. b3 Bb4+ 6. Bd2 Be7 7. Bc3 O-O 8. Bg2
c6 9. O-O d5 10. Ne5 Nfd7 11. Nxd7 Nxd7 12. Nd2 Rc8 13. e4 c5 14. exd5 exd5 15.
dxc5 dxc4 16. c6 cxb3 17. Re1 b2 18. Bxb2 Nc5 19. Qg4 Bf6 20. Ba3 Qxd2 21. Rad1
Qc3 22. Bxc5 Qxc5 23. Rc1 Qa5 24. Rc2 Qxe1+ 25. Bf1 Qxf1# 0-1

[Event "1st Binhai Cup 2018"]
[Site "Tianjin CHN"]
[Date "2019.01.01"]
[Round "8.24"]
[White "Li, Yihao"]
[Black "Bai, Xue"]
[Result "1/2-1/2"]
[WhiteElo "1809"]
[BlackElo "2133"]
[WhiteFideId "8616299"]
[BlackFideId "8608717"]
[EventDate "2018.12.25"]

1. e4 e5 2. Nf3 Nc6 3. Bb5 a6 4. Ba4 Nf6 5. O-O Be7 6. Re1 b5 7. Bb3 O-O 8. c3
d6 9. h3 Bb7 10. d4 Re8 11. Nbd2 exd4 12. cxd4 Nd7 13. Nf1 Na5 14. Bc2 Bf6 15.
Rb1 c5 16. d5 Nc4 17. b3 Ncb6 18. Bf4 Ne5 19. Ne3 Bc8 20. Nxe5 Bxe5 21. Bxe5
Rxe5 22. f4 Re8 23. Qh5 g6 24. Qh6 Qf6 25. f5 Qg7 26. Qf4 Qe5 27. Qh6 Qg7 28.
Qf4 Qe5 29. Qh6 Qg7 1/2-1/2

[Event "1st Binhai Cup 2018"]
[Site "Tianjin CHN"]
[Date "2019.01.01"]
[Round "8.27"]
[White "Hu, Yu A."]
[Black "Hu, Zehua"]
[Result "1-0"]
[WhiteElo "2032"]
[BlackElo "2104"]
[WhiteFideId "8609993"]
[BlackFideId "8603472"]
[EventDate "2018.12.25"]

1. e4 c5 2. Nf3 d6 3. d4 cxd4 4. Nxd4 Nf6 5. Nc3 g6 6. Be3 Bg7 7. f3 O-O 8. Qd2
Nc6 9. O-O-O Nxd4 10. Bxd4 Be6 11. Nd5 Bxd5 12. exd5 Qc7 13. Kb1 Rfc8 14. Rc1 a6
15. g4 b5 16. g5 Nd7 17. Bxg7 Kxg7 18. h4 Ne5 19. f4 Nc4 20. Bxc4 Qxc4 21. h5
gxh5 22. Rxh5 Qe4 23. Rch1 Rc5 24. f5 Rg8 25. Rxh7+ Kf8 26. g6 fxg6 27. f6 g5
28. Qh2 Qg6 29. f7 Rg7 30. Rh8+ 1-0

[Event "1st Binhai Cup 2018"]
[Site "Tianjin CHN"]
[Date "2019.01.01"]
[Round "8.28"]
[White "Wang, Xiaoyan"]
[Black "Lu, Miaoyi"]
[Result "1-0"]
[WhiteElo "1943"]
[BlackElo "1737"]
[WhiteFideId "8623015"]
[BlackFideId "8618020"]
[EventDate "2018.12.25"]

1. d4 d5 2. c4 c6 3. Nf3 Nf6 4. Nc3 dxc4 5. a4 Bf5 6. e3 e6 7. Bxc4 Bb4 8. O-O
Nbd7 9. Qe2 Bg6 10. Rd1 O-O 11. Bd3 Bxd3 12. Rxd3 Qa5 13. e4 e5 14. Nxe5 Nxe5
15. dxe5 Qxe5 16. f4 Qe7 17. e5 Rad8 18. Rh3 Bxc3 19. bxc3 Nd5 20. c4 Nc7 21.
Ba3 c5 22. f5 Rfe8 23. Re1 Qg5 24. f6 Rd2 25. Qe4 Qg6 26. Rg3 Qxe4 27. Rxg7+ Kh8
28. Rxe4 Ne6 29. Rg3 Nd4 30. Kf1 Rd1+ 31. Kf2 Rd2+ 32. Ke1 Ra2 33. Bxc5 Ne6 34.
Be3 Rxa4 35. Rh3 Nf8 36. Bh6 Ng6 37. e6 Ra6 38. Bg7+ Kg8 39. exf7+ Kxf7 40. Rxe8
Kxe8 41. Rxh7 Rc6 42. c5 a5 43. h4 a4 44. h5 Ne5 45. Rh8+ Kd7 46. Ra8 Rxc5 47.
Rxa4 Nf7 48. Re4 Ng5 49. Re7+ Kd8 50. Rxb7 Ke8 51. h6 Rf5 52. Ke2 Nh7 1-0

[Event "1st Binhai Cup 2018"]
[Site "Tianjin CHN"]
[Date "2019.01.01"]
[Round "8.29"]
[White "Mi, Tenglong"]
[Black "Sun, Jihan"]
[Result "1-0"]
[WhiteElo "1717"]
[BlackElo "1518"]
[WhiteFideId "8623627"]
[BlackFideId "8618992"]
[EventDate "2018.12.25"]

1. e4 c5 2. Nf3 Nc6 3. d4 cxd4 4. Nxd4 Nf6 5. Nc3 e5 6. Ndb5 d6 7. Bg5 a6 8. Na3
b5 9. Nd5 Be7 10. Bxf6 Bxf6 11. c3 Bg5 12. Be2 O-O 13. Bg4 Be6 14. O-O Ne7 15.
Nxe7+ Qxe7 16. Nc2 g6 17. Bxe6 fxe6 18. a4 bxa4 19. Rxa4 a5 20. Na3 Rfb8 21. Nc4
h6 22. Nxa5 Qd7 23. b4 Bd8 24. Ra2 Bxa5 25. bxa5 Qc6 26. Qg4 Kf7 27. f4 Qc5+ 28.
Kh1 Rf8 29. Rb2 Qc6 30. Rfb1 Qxe4 31. Rb7+ Kf6 32. fxe5+ Kxe5 33. Qg3+ Qf4 34.
Re1+ Kf5 35. Qd3+ Kg5 36. Rb4 Qf5 37. h4+ Kf6 38. Rf1 Qxf1+ 39. Qxf1+ Kg7 40.
Rb7+ 1-0

[Event "1st Binhai Cup 2018"]
[Site "Tianjin CHN"]
[Date "2019.01.02"]
[Round "9.1"]
[White "Chigaev, Maksim"]
[Black "Zhao, Jun"]
[Result "1/2-1/2"]
[WhiteTitle "GM"]
[BlackTitle "GM"]
[WhiteElo "2606"]
[BlackElo "2607"]
[WhiteFideId "4108116"]
[BlackFideId "8602522"]
[EventDate "2018.12.25"]

1. e4 e5 2. Bc4 Nf6 3. d3 Nc6 4. Nf3 Be7 5. O-O O-O 6. a4 d6 7. a5 Be6 8. Re1
Qd7 9. a6 b6 10. Bb5 Qe8 11. c4 Bd7 12. Bd2 Nd8 13. Bxd7 Nxd7 14. b4 c6 15. Nc3
Ne6 16. b5 c5 17. Nd5 Nf6 18. Nxe7+ Qxe7 19. Nh4 g6 20. g3 Nh5 21. Nf5 gxf5 22.
Qxh5 fxe4 23. Qg4+ Kh8 24. Qxe4 Nd4 25. Rad1 f5 26. Qd5 Qf7 27. Qxf7 Nf3+ 28.
Kh1 Rxf7 29. Re3 Nxd2 30. Rxd2 f4 31. Re4 Raf8 32. Kg2 Kg7 33. Rc2 1/2-1/2

[Event "1st Binhai Cup 2018"]
[Site "Tianjin CHN"]
[Date "2019.01.02"]
[Round "9.2"]
[White "Ganguly, Surya Shekhar"]
[Black "Zhu, Jiner"]
[Result "1/2-1/2"]
[WhiteTitle "GM"]
[BlackTitle "WIM"]
[WhiteElo "2621"]
[BlackElo "2409"]
[WhiteFideId "5002150"]
[BlackFideId "8608059"]
[EventDate "2018.12.25"]

1. e4 e5 2. Nf3 Nc6 3. Bc4 Nf6 4. d3 h6 5. O-O d6 6. c3 g5 7. Nbd2 Bg7 8. Bb3
O-O 9. h3 Re8 10. Re1 Ne7 11. d4 Ng6 12. Bc2 c6 13. Nf1 Qc7 14. Ng3 Bd7 15. Be3
Rad8 16. Qe2 d5 17. dxe5 Nxe4 18. Nxe4 dxe4 19. Bxe4 Nxe5 20. Nxe5 Qxe5 21. Bd4
Qf4 22. g3 Qd6 23. Rad1 Bxd4 24. Rxd4 Qf6 25. Red1 Be6 26. Rxd8 Rxd8 27. Rxd8+
Qxd8 28. a3 Kg7 29. Kh2 Qd6 30. Bg2 b6 31. b4 c5 32. Qe4 cxb4 33. cxb4 a5 34.
bxa5 bxa5 35. Qe3 Qd8 36. Qe5+ Qf6 37. Qxa5 Qxf2 38. Qe5+ Kg8 39. a4 Bc4 40. a5
Bf1 41. Qd5 Bxg2 42. Qxg2 Qa7 43. Qd2 Qa6 44. Qa2 Kf8 45. Kg1 Kg8 46. Kf2 Qf6+
47. Kg2 Qc6+ 48. Kh2 Qa6 49. Kg1 Qa7+ 50. Kf1 Qa6+ 51. Ke1 Qa8 52. Kf2 Qa7+ 53.
Kg2 Qa6 54. g4 Qc6+ 55. Kf2 Qf6+ 56. Ke2 Qd6 57. Qa4 Qh2+ 58. Kd1 Qg1+ 59. Kc2
Qf2+ 60. Kd3 Qf3+ 61. Kc4 Qe4+ 62. Kb3 Qd3+ 63. Kb2 Qd2+ 1/2-1/2

[Event "1st Binhai Cup 2018"]
[Site "Tianjin CHN"]
[Date "2019.01.02"]
[Round "9.3"]
[White "Sivuk, Vitaly"]
[Black "Zeng, Chongsheng"]
[Result "0-1"]
[WhiteTitle "GM"]
[BlackTitle "GM"]
[WhiteElo "2542"]
[BlackElo "2535"]
[WhiteFideId "14116502"]
[BlackFideId "8603847"]
[EventDate "2018.12.25"]

1. g3 Nf6 2. Bg2 d5 3. c4 g6 4. cxd5 Nxd5 5. Nc3 Nxc3 6. bxc3 Bg7 7. Rb1 Nc6 8.
Qa4 O-O 9. h4 h6 10. Nf3 Qe8 11. O-O Bd7 12. Qc2 b6 13. Ba3 Na5 14. d3 c5 15.
Bb2 Rd8 16. c4 e5 17. Nd2 Nc6 18. Ne4 Nd4 19. Bxd4 exd4 20. Nd6 Qe7 21. Nb5 Bc8
22. a4 f5 23. f4 g5 24. hxg5 hxg5 25. Qd2 Bf6 26. Rf2 Kg7 27. a5 a6 28. Na3 bxa5
29. Qxa5 Rh8 30. fxg5 Bxg5 31. Nc2 Rh6 32. Rb8 Rdh8 33. Rxc8 Rxc8 34. Rxf5 Rf8
35. Rxf8 Kxf8 36. Be4 Qd6 37. Kg2 Rf6 38. Ne1 Rf7 39. Nf3 Rg7 40. g4 Bd8 41. Qa3
Rxg4+ 42. Kf1 Bg5 43. Ke1 Qb6 44. Nxg5 Rxg5 45. Kf2 Qb1 46. Bg2 Qb8 0-1

[Event "1st Binhai Cup 2018"]
[Site "Tianjin CHN"]
[Date "2019.01.02"]
[Round "9.4"]
[White "Xu, Yinglun"]
[Black "Zhao, Yuanhe"]
[Result "1/2-1/2"]
[WhiteTitle "GM"]
[WhiteElo "2531"]
[BlackElo "2388"]
[WhiteFideId "8604940"]
[BlackFideId "8609497"]
[EventDate "2018.12.25"]

1. c4 Nf6 2. Nf3 c5 3. Nc3 Nc6 4. d4 cxd4 5. Nxd4 e6 6. g3 Qb6 7. Nb3 Ne5 8. e4
Bb4 9. Qe2 Bxc3+ 10. bxc3 d6 11. f4 Ned7 12. e5 Ng8 13. Ba3 dxe5 14. fxe5 Ne7
15. Bg2 Nf5 16. Kd2 Qc7 17. Rhe1 Nb6 18. Na5 Na4 19. Bb4 b6 20. Bxa8 bxa5 21.
Bd6 Nxd6 22. exd6 Qxd6+ 23. Qd3 Qc7 24. Qc2 Nb6 25. Be4 Nxc4+ 26. Ke2 g6 27. Kf1
O-O 28. Kg1 e5 29. Rad1 Bg4 30. Rd5 Be6 31. Rdd1 Bg4 1/2-1/2

[Event "1st Binhai Cup 2018"]
[Site "Tianjin CHN"]
[Date "2019.01.02"]
[Round "9.5"]
[White "Dai, Changren"]
[Black "Sethuraman, S.P."]
[Result "1/2-1/2"]
[WhiteTitle "IM"]
[BlackTitle "GM"]
[WhiteElo "2464"]
[BlackElo "2664"]
[WhiteFideId "8608156"]
[BlackFideId "5021596"]
[EventDate "2018.12.25"]

1. e4 g6 2. d4 Bg7 3. Nc3 d6 4. Bg5 a6 5. a4 Nd7 6. Nf3 c5 7. d5 Ngf6 8. Be2 Rb8
9. Nd2 O-O 10. O-O h6 11. Bh4 Ne8 12. f4 b5 13. axb5 axb5 14. Nxb5 Bxb2 15. Ra2
Bg7 16. Na7 Bb7 17. Nc4 Bf6 18. Be1 Ra8 19. e5 dxe5 20. Ba5 Qb8 21. Nc6 Qc8 22.
fxe5 Bg5 23. h4 Bxh4 24. Rf4 Bg5 25. Rg4 Bxc6 26. dxc6 Nxe5 27. Nxe5 Qe6 28. Nc4
Nf6 29. Rxg5 hxg5 30. c7 Ne8 31. Ra3 Nxc7 32. Re3 Qf6 33. Bc3 Qf5 34. Bd3 Rad8
35. Rh3 f6 36. Qe2 Rxd3 37. Rxd3 Ne6 38. Bd2 g4 39. Ne3 Qe4 40. Qxg4 Qxg4 41.
Nxg4 Ra8 42. Ne3 Kf7 43. Rd7 Rd8 44. Rxd8 Nxd8 45. Kf2 e5 46. Nd5 Ke6 47. c4 f5
48. Be3 Nb7 49. Ke2 f4 50. Bf2 Kf5 51. Ne7+ Ke4 52. Nxg6 Nd6 53. Bxc5 Nxc4 54.
Ba7 Kd5 1/2-1/2

[Event "1st Binhai Cup 2018"]
[Site "Tianjin CHN"]
[Date "2019.01.02"]
[Round "9.6"]
[White "Lu, Shanglei"]
[Black "Liu, Guanchu"]
[Result "1-0"]
[WhiteTitle "GM"]
[BlackTitle "IM"]
[WhiteElo "2636"]
[BlackElo "2432"]
[WhiteFideId "8603332"]
[BlackFideId "8603901"]
[EventDate "2018.12.25"]

1. e4 c5 2. Nf3 g6 3. c3 Nc6 4. d4 cxd4 5. cxd4 d6 6. d5 Ne5 7. Nxe5 dxe5 8. Nc3
Bh6 9. Bb5+ Kf8 10. O-O a6 11. Bd3 Kg7 12. Qb3 Qd6 13. Bxh6+ Nxh6 14. Rac1 Bd7
15. a4 Rab8 16. Nb1 f6 17. Rc2 Nf7 18. Rfc1 Rhc8 19. Nd2 Rxc2 20. Rxc2 b5 21.
axb5 axb5 22. h3 e6 23. Be2 exd5 24. Qxd5 Qxd5 25. exd5 Rb7 26. Nb3 Nd6 27. Na5
Ra7 28. b4 f5 29. f3 Kf6 30. Kf2 Be8 31. Rc5 h5 32. h4 Bd7 33. Bd1 g5 34. hxg5+
Kxg5 35. Bc2 h4 36. Nc6 Bxc6 37. dxc6 Rc7 38. Ke3 Nc4+ 39. Rxc4 bxc4 40. b5 Kf6
41. Ba4 f4+ 42. Ke2 Rg7 43. Kf2 Ke6 44. b6 Kd6 45. c7 Rg8 46. Bc2 Kc6 47. Bf5 c3
48. Ke1 Kb7 49. Ke2 e4 50. fxe4 c2 51. Kd2 Rxg2+ 52. Kc1 Rg8 53. Kxc2 Rh8 54.
Bh3 Ra8 55. Kd2 Ra2+ 56. Ke1 Ra1+ 57. Kf2 Ra2+ 58. Kf3 Ra3+ 59. Kg4 1-0

[Event "1st Binhai Cup 2018"]
[Site "Tianjin CHN"]
[Date "2019.01.02"]
[Round "9.7"]
[White "Idani, Pouya"]
[Black "Peng, Hongchi"]
[Result "1-0"]
[WhiteTitle "GM"]
[WhiteElo "2611"]
[BlackElo "2273"]
[WhiteFideId "12510130"]
[BlackFideId "8609047"]
[EventDate "2018.12.25"]

1. c4 Nf6 2. Nf3 g6 3. g3 Bg7 4. d4 O-O 5. Bg2 d6 6. O-O Nbd7 7. Nc3 e5 8. b3
exd4 9. Nxd4 Re8 10. Bb2 Nc5 11. Qc2 a5 12. Rad1 Bd7 13. a3 Qc8 14. e4 h5 15. f3
Bh3 16. Bc1 Bxg2 17. Kxg2 Qd7 18. Ndb5 Qc6 19. a4 Na6 20. Be3 b6 21. Bd4 Nd7 22.
Bxg7 Kxg7 23. Qb2 Kg8 24. Rfe1 Qc5 25. Rd5 Qc6 26. Qd2 Nb4 27. Nd4 Qb7 28. Rg5
Nf8 29. Nf5 Ne6 30. Rxh5 gxh5 31. Nd5 Nxd5 32. exd5 c6 33. dxe6 fxe6 34. Qg5+
Kf8 35. Nxd6 Qg7 36. Qf4+ 1-0